Guia de campo de las aves de Chile
Saved in:
| Main Authors: | , , |
|---|---|
| Format: | Bog |
| Sprog: | spansk |
| Udgivet: |
Santiago
Universitaria
1992
|
| Udgivelse: | 5a. ed |
| Serier: | Colección Fuera de Serie
|
| Fag: | |
| Tags: |
Tilføj Tag
Ingen Tags, Vær først til at tagge denne postø!
|
MARC
| LEADER | 00000nam a2200000 a 4500 | ||
|---|---|---|---|
| 001 | UCZ6704 | ||
| 003 | CL-VaPUC | ||
| 008 | 951214e19920000CL |||||||||||||||||spa|d | ||
| 082 | 0 | 4 | |a 598.293 |b ARA |2 21 |
| 100 | |a Araya Modinger, Braulio |e author |9 351165 | ||
| 700 | 0 | |a Millie Morales, Guillermo |e author |9 351166 | |
| 700 | 0 | |a Bernal Morales, Mariano |e author |9 351167 | |
| 245 | 1 | 0 | |a Guia de campo de las aves de Chile |
| 250 | |a 5a. ed | ||
| 300 | |a 404 p | ||
| 942 | |c BK | ||
| 945 | |d 19951214 00:00:00 |a rleighto | ||
| 260 | |a Santiago |b Universitaria |c 1992 | ||
| 650 | 0 | |a Aves |9 262192 | |
| 650 | 0 | |a Ornitología |9 269493 | |
| 651 | 7 | |a CHILE |2 CL-VaPUC |9 351168 | |
| 583 | |a last modification |c 19951214 00:00:00 |k Rodrigo Vera | ||
| 490 | 0 | |a Colección Fuera de Serie | |
| 999 | |c 242888 |d 242886 | ||
| 952 | |0 0 |1 0 |4 0 |6 598_293000000000000_ARA_1992 |7 0 |8 A |9 256202 |a BIBING |b BIBING |d 2019-11-19 |i 3159248 |l 1 |o 598.293 ARA 1992 |p 3159248 |r 2025-01-20 |s 2022-04-08 |w 2019-11-19 |y BK |k GEO | ||